LEADER 00642nab a2200145 i 4500 001 000000263424 003 CaOOAMICUS 005 20180831164643.0 008 180831n xx uu u0 0und r 013 $a5106 040 $aSeMil$bita 245 10$a[vedi periodico]. 500 $aLuglio/Settembre 2005. 773 0 $tDonazione di Pio 4. a risarcimento dei danni delle guerre del Medeghino ; L'archivio della Parrocchia di Olate di Lecco (seconda parte) ; Il culto e l'iconografia di San Lucio ; Benedetto Volpi (1745-1803) ... ; I signori della caccia.$dOggiono (LC) : Cattaneo, 2005.$w()146992 996 $6245$a[vedi periodico]$9(OLS)http://semarc/title/309439 LEADER 00830nas a2200229 i 4500 001 000000216457 003 CaOOAMICUS 005 20121113000000.0 008 121022b2012 it uu u0 0ita r 013 $a195347 020 $a978-88-220-8751-5 040 $aSeMil$bita 245 10$a[2012 :$bsettembre-ottobre]. 260 $aBari :$bDedalo,$c2012. 300 $a78 p. ;$c29 cm. 773 0 $tCritica Marxista.$dRoma : Editori Riuniti, 1963.$x0011-152X$w()2160 850 $aSeMil 852 $aSeMil$W1$xVenegono$y1$m228 4 112$j166876$B166876$CSeMilBibl$Z2$F178071 $85 961 $aAbbonamento: Dedalo 996 $6020$a978-88-220-8751-5$9(OLS)http://semarc/number/213477 996 $6245$a[2012 :$bsettembre-ottobre]$9(OLS)http://semarc/title/311219 996 $6260$aBari :$bDedalo$9(OLS)http://semarc/publisher/30763